=LDR 00000nam 2200000 4500 =001 INLIS000000000001638 =005 20130612090035 =008 ***********************************Ind** =035 ##$$0010-061300000001638 =041 ##$$a Ind =082 ##$$a 346.043 =090 ##$$a 346.043, Mul-p =100 ##$$a MULYONO, Eugenia Liliawati =245 ##$$a Peraturan perundang-undangan tentang bea perolehan hak atas tanah dan bangunan (BPHTB), Eugenia Liliawati Mulyono =260 ##$$a 1998 $b Jakarta =300 ##$$a xii, 60 hlm, 23 cm =650 ##$$a Hak Tanah =850 ##$$a NBPNMAT =990 ##$$a 11191119 =990 ##$$a 154.738 pro.2000 =990 ##$$a 154.737, 154.738, 154.739, 154.740/Pro.2000 =990 ##$$a DW20009916 =990 ##$$a DW20009917 =990 ##$$a DW20009918